| 000 | 01944nam a2200289Ia 4500 | ||
|---|---|---|---|
| 003 | CO-CtgCURN | ||
| 005 | 20250410212337.0 | ||
| 008 | 190722s9999 xx 000 0 und d | ||
| 020 | _a970613350X | ||
| 040 |
_aCO-CtgCURN _bspa _ccoctgcurn |
||
| 082 |
_a340.1 _bS783m |
||
| 100 |
_aStammler, Rudolf _d1856-1938 _98354 _eautor |
||
| 245 | 0 |
_aModernas teorías del derecho y del estado / _cRudolf Stammler; traducción., Faustino Ballvé |
|
| 260 |
_aMéxico : _bOxford, _c2000 |
||
| 300 |
_a78 páginas ; _c24 centímetros |
||
| 440 |
_aColección Grandes Clásicos del Derecho, Tercera serie; _v8 _98355 |
||
| 500 | _aTraducción del alemán | ||
| 505 | _aCap.1. La razón del estado -- Cap.2. Las utopías -- Cap.3. El derecho natural -- Cap.4. El derecho como parte de la naturaleza -- Cap.5. La lucha por el dinero y la riqueza -- Cap.6. La tarea de la perfección -- Cap.7. El contrato social -- Cap.8. El eudemonismo social -- Cap.9. El derecho racional -- Cap.10. La escuela histórica -- Cap.11. El derecho del mas fuerte -- Cap.12. La doctrina teocrática -- Cap.13. El liberalismo -- Cap.14. El estado mayoritario -- Cap.15. El materialismo histórico -- Cap.16. El anarquismo -- Cap.17. El empirismo jurídico -- Cap.18. El realismo jurídico -- Cap.19. La sociología -- Cap.20. El sociología -- Cap.21. El derecho libre. | ||
| 520 | _aStammler formo parte del movimiento neokantiano de finales del siglo XIX y principios del siglo XX y se le considera fundador de la filosofía critica del derecho. esta obra constituye un análisis breve pero profundo de las obras filosofía critica | ||
| 521 | _aAREA PROFESIONAL | ||
| 590 | _aPrograma de Derecho_18 | ||
| 650 |
_aFilosofía del derecho _98356 |
||
| 650 |
_aTeoría del derecho _98357 |
||
| 700 |
_aBallvé, Faustino _etraducción _98367 |
||
| 942 |
_cBK _h340.1 _iS783m _2ddc _n0 |
||
| 999 |
_c28125 _d28125 |
||